Coaches of the Hawthorn Hawks - Statistics

General Stats
  • This quiz has been taken 38 times
    25 since last reset
  • The average score is 8 of 32
Answer Stats
Years Coach % Correct
2005-2021 Alastair Clarkson
100%
2022- Sam Mitchell
100%
1981-1990 Allan Jean
76%
1957-1976 John Kennedy
76%
1988-1993 Allan Joyce
57%
2014 Brendon Bolton
52%
1977-1980 David Parkin
48%
1994-1995 Peter Knights
43%
2000-2004 Peter Schwab
33%
1996-1999 Ken Judge
24%
2004 Donald McDonald
19%
1947-1949 Alec Albiston
14%
1964-1965 Graham Arthur
14%
1952-1959 Jack Hale
14%
1930-1931 John Harris
14%
1939 Len Thomas
14%
1925 Alec Hall
10%
1929 Bert Chadwick
10%
1940-1941 Bert Mills
10%
1928 Bert Sutton
10%
1933-1934 Bill Twomey
10%
1950-1951 Bob McCaskill
10%
1935-1938 Ivan McAlpine
10%
1932 Jim Jackson
10%
1945-1946 Keith Shea
10%
1966 Peter O'Donohue
10%
1942-1943 Roy Cazaly
10%
1973 Roy Simmonds
10%
1944 Thomas Lahiff
10%
1933 Arthur Rademacher
5%
2001 Chris Connolly
5%
1926-1927 Dan Minouge
0%
No matching quizzes found
Score Distribution
Percent of People with Each Score
Percentile by Number Answered
Your Score History
You have not taken this quiz since the last reset